| 000 | 00575nam a2200205 b 4500 | ||
|---|---|---|---|
| 003 | OSt | ||
| 005 | 20150209092838.0 | ||
| 008 | 020207m1963 sp | ||| ||spa | ||
| 020 | _a0-448-12485-8 | ||
| 040 | _cBMC | ||
| 082 | _a823 | ||
| 100 | 1 |
_aSerling, Rod _d1924-1975 _930395 |
|
| 245 | 1 | 4 |
_aThe twilight zone _cRod Serling ; adaptado por Walter B. Gibson |
| 260 |
_aEstados Unidos _bTempo books _c1963 |
||
| 300 |
_a190 p. _c18 cm |
||
| 490 | _aChilling Stories | ||
| 650 | 2 | 4 |
_911162 _aNovela inglesa |
| 700 | 1 |
_93403 _aGibson, Walter B. _d1897-1985 |
|
| 942 |
_2ddc _cBK |
||
| 999 |
_c17460 _d17460 |
||